La Arquitectura Suiza (Record no. 42)
[ view plain ]
| 000 -LEADER | |
|---|---|
| campo de control de longitud fija | 00822 a2200145 4500 |
| 020 ## - NÚMERO INTERNACIONAL ESTÁNDAR DEL LIBRO | |
| Número Internacional Estándar del Libro | 3907622413 |
| 082 ## - NÚMERO DE LA CLASIFICACIÓN DECIMAL DEWEY | |
| Número de clasificación | 720.9494 |
| Número de ítem | AL433a |
| 100 ## - ENTRADA PRINCIPAL--NOMBRE DE PERSONA | |
| Nombre de persona | Allenspach, Christoph |
| 9 (RLIN) | 249 |
| 245 ## - MENCIÓN DEL TÍTULO | |
| Título | La Arquitectura Suiza |
| Resto del título | La construccin̤ en los siglos XIX y XX |
| 260 ## - PUBLICACIÓN, DISTRIBUCIÓN, ETC. | |
| Lugar de publicación, distribución, etc. | Suiza |
| Nombre del editor, distribuidor, etc. | Pro Helvetia Fundacin̤ Suiza para la Cultura |
| 300 ## - DESCRIPCIÓN FÍSICA | |
| Extensión | 179 p. |
| Dimensiones | 21 cm |
| 505 ## - NOTA DE CONTENIDO CON FORMATO | |
| Título | 1. Moderna y realista. Cultura Arquitectonica suiza a inicios del siglo XXI |
| -- | 2. Revolucion industrial y tecnica. El siglo XIX |
| -- | 3. Hacia la nueva arquitectura |
| -- | 4. La modernidad en tanto practica tendencialmente mayoritaria |
| -- | 5. Racionalismo tesines. Forma y lugar |
| -- | 6. Nietos y nietas del movimiento moderno |
| 650 ## - PUNTO DE ACCESO ADICIONAL DE MATERIA--TÉRMINO DE MATERIA | |
| Subdivisión general | Arquitectura Suiza siglo XIX y XX |
| -- | Arquitectura-Aspectos Sociales y culturales |
| -- | Christoph Allenspach |
| Subdivisión geográfica | Suiza |
| 9 (RLIN) | 252 |
| 700 ## - ENTRADA AGREGADA--NOMBRE PERSONAL | |
| Nombre de persona | Christoph Allenspach |
| 9 (RLIN) | 251 |
| Estatus retirado | Estado de pérdida | Fuente del sistema de clasificación o colocación | Estado de daño | No para préstamo | Biblioteca de origen | Biblioteca actual | Ubicación en estantería | Fecha de adquisición | Total de préstamos | Signatura topográfica completa | Código de barras | Visto por última vez | Precio de reemplazo | Tipo de ítem Koha |
|---|---|---|---|---|---|---|---|---|---|---|---|---|---|---|
| Clasificación Decimal Dewey | Biblioteca LadoV | Biblioteca LadoV | 07/04/2014 | 720.9494 AL433a | 00000 | 07/04/2014 | 07/04/2014 | Material 01 |
